Statystyki dla Państwa z największym spożyciem chleba

Kliknij tutaj aby rozwiązać quiz!

Ogólne statystyki

  • Ten quiz został rozwiązany 44 razy
  • Średni wynik to 21 z 30

Statystyki odpowiedzi

KilogramyPaństwo% Poprawnych
70Polska
100%
57Niemcy
95%
54Rosja
92%
46Hiszpania
89%
88Ukraina
89%
50Francja
87%
54Szwecja
84%
70Portugalia
82%
44Włochy
82%
37Wielka Brytania
79%
46Austria
76%
55Finlandia
76%
52Norwegia
76%
70Grecja
74%
60Węgry
74%
47Belgia
71%
70Dania
71%
60Holandia
71%
48Szwajcaria
71%
199,6Turcja
71%
135Serbia
68%
68Irlandia
66%
39Słowenia
63%
131,1Bułgaria
61%
28,3Japonia
61%
55Luksemburg
47%
33,5Meksyk
47%
72Argentyna
42%
39Arabia Saudyjska
37%
74Cypr
32%

Rozkład punktacji

Percentyl według liczby udzielonych odpowiedzi

Procent ludzi z każdym wynikiem

Twoja historia wyników

Nie rozwiązałeś tego quizu